Reč diplomacie. Vymedzenie a charakteristika lexikálneho minima v procese osvojovania nemeckého jazyka dizertačná práca

Salvato in:
Dettagli Bibliografici
Autore principale: Kužmová, Lucia
Ente Autore: Ekonomická univerzita v Bratislave. Fakulta medzinárodných vzťahov
Altri autori: Adamcová, Lívia
Natura: Libro
Lingua:slovacco
Pubblicazione: Bratislava 2015
Soggetti:
Tags: Aggiungi Tag
Nessun Tag, puoi essere il primo ad aggiungerne!!

MARC

LEADER 00000nbm a2200000 4500
001 0206974
005 20230302104845.3
041 0 |a slo 
044 |a SK 
245 1 0 |a Reč diplomacie. Vymedzenie a charakteristika lexikálneho minima v procese osvojovania nemeckého jazyka  |b dizertačná práca  |c Lucia Kužmová ; školiteľ: Lívia Adamcová 
264 1 |a Bratislava  |c 2015 
300 |a 163 s. 
610 2 0 |a diplomacia 
610 2 0 |a diplomacia hospodárska 
610 2 0 |a lexikológia 
610 2 0 |a jazyky cudzie 
610 2 0 |a nemčina 
610 2 0 |a korešpondencia 
610 2 0 |a Nemecko 
610 2 0 |a Rakúsko 
610 2 0 |a Švajčiarsko 
610 2 0 |a Slovensko 
100 1 |a Kužmová, Lucia 
700 1 |a Adamcová, Lívia 
710 2 |a Ekonomická univerzita v Bratislave. Fakulta medzinárodných vzťahov